000 00494nam a2200193Ia 4500
003 OSt
005 20221007082702.0
006 a|||||r|||| 00| 0
007 ta
008 221006b |||||||| |||| 00| 0 eng d
024 _a22,697
037 _cDissertations
040 _aFLL
_cFLL
_beng
041 _2eng
_aeng
100 _aChand Karam
_9699240
245 0 _aMarried women's domicile-a study in conflict of laws
942 _cDIS
_2CC
999 _c1167375
_d1167375